000 00425nam a2200169Ia 4500
008 230711s9999||||xx |||||||||||||| ||und||
041 _aENG
082 _a658
_bWI-M
100 _aWiest,D.Jerome
245 0 _aManagement guide to PERT/CPM
250 _a1st Ed.
260 _c1993
_aNew Delhi
_bPHI Learning Private Limited
300 _a229
650 _aMechanical Engineering
700 _aLevy,K.Ferdinand
942 _cBK
999 _c2398
_d2398